| 000 | 00634nam a2200217Ia 4500 | ||
|---|---|---|---|
| 005 | 20241216010245.0 | ||
| 008 | 180423s9999||||xx |||||||||||||| ||und|| | ||
| 082 |
_a330.9 _bL32 |
||
| 100 | _aLAZO GARCIA, CARLOS | ||
| 245 | 0 |
_aECONOMIA COLONIAL Y REGIMEN MONETARIO _bPERU: SIGLOS XVI-IXI |
|
| 250 | _a0 | ||
| 260 |
_aLIMA-PERU _bBANCO CENTRAL DE RESERVA _c1992 |
||
| 300 |
_a446 pag. _c25 cm |
||
| 341 | _h0 | ||
| 490 |
_v0 _a0 |
||
| 505 | _aMODENA COLONIAL/METALES PATRONALES/MONEDA/MONEDA ACUÑADA | ||
| 541 |
_aD _bBANCO CENTRAL DE RESERVA _d08-Apr-03 |
||
| 650 | _aCIENCIAS SOCIALES | ||
| 856 | _zHumanidades | ||
| 942 | _cLIBRO | ||
| 999 |
_c9686 _d9686 |
||